John Green Novels Quiz Stats

 Plays Quiz Updated Oct 10, 2017

Challenge
Share
Tweet
Embed
Score 0/7 Timer 03:00
0 Plays Today
Year Novel % Correct
2012The Fault in Our Stars
96.9%
2005Looking for Alaska
88.9%
2008Paper Towns
86.8%
2006An Abundance of Katherines
79.5%
2010Will Grayson, Will Grayson
70.2%
2017Turtles All the Way Down
69.3%
2008Let It Snow
40.6%

You're not logged in!

Compare scores with friends on all Sporcle quizzes.
OR
Log In

You Might Also Like...

Show Comments

Extras

Top Quizzes Today


Score Distribution

Your Account Isn't Verified!

In order to create a playlist on Sporcle, you need to verify the email address you used during registration. Go to your Sporcle Settings to finish the process.

Report this User

Report this user for behavior that violates our Community Guidelines.

Details: